| 000 | 00598nam a22001337a 4500 | ||
|---|---|---|---|
| 020 | _a978-0-141-32264-3 | ||
| 082 |
_a823 _bDAN/W |
||
| 100 | _aDAHL, ROALD | ||
| 245 | _aTHE WITCHES | ||
| 260 |
_aLONDON _bPUFFIN BOOKS _c1983 |
||
| 520 | _aRoald Dahl captures our imaginations in this story of witches who plot to turn children into mice. Luckily, the little-boy-turned-mouse who narrates the story defeats the antagonist, the Grand High Witch, and the other witches through his plan to turn them into mice. The plan works, and the witches are killed. | ||
| 650 |
_aNOVEL _zUNITED KINGDOM |
||
| 942 | _cBK | ||
| 999 |
_c3008 _d3008 |
||